| 000 | 00711cas a22002175a 4500 | ||
|---|---|---|---|
| 001 | L1446193 | ||
| 008 | 070613c1983 xxkmr p 0 a0eng | ||
| 022 | 1 | _a0144-6193 | |
| 035 | _a(Sirsi) u99074 | ||
| 041 | 0 | _aeng | |
| 245 | 0 | 0 | _aConstruction Management and Economics |
| 260 |
_aLondon _bE. & F.N. Spon _c1983-2018 |
||
| 362 | _a1(1) Spring 1983- | ||
| 500 | _aSubscription ceased | ||
| 500 | _aLast issue in RICS collection is Volume 36 Numbers 10-12, October-December 2018 | ||
| 651 | 4 | _aUnited Kingdom | |
| 690 | _aBUILT ENVIRONMENT | ||
| 856 | 4 | 1 |
_uhttps://www.rics.org/profession-standards/knowledge-and-information-services _zHow to access eJournals |
| 942 |
_n0 _2ddc |
||
| 948 | _c04/02/1994 | ||
| 999 |
_c118642 _d118642 |
||